Wiedza ogolna - Statystyki

Ogólne statystyki
  • Ten quiz został rozwiązany 288 razy
  • Średni wynik to 6 z 13
Statystyki odpowiedzi
Hint Odpowiedź % Poprawnych
2+2x2 6
98%
Rozpoczęcie 2 wojny światowej (data) 1939
86%
Kto napisal w pustyni i w puszczy Henryk Sienkiewicz
83%
na jakim kontynencie lezy arabia saudyjska Azja
79%
ilośc stacji drogi krzyzowej 14
75%
rozpad zsrr (data) 1991
55%
rok powstania leauge of legends 2009
48%
kraj z największa iloscia wysp szwecja
26%
Pierwsza osada w polsce biskupin
25%
Najwieksza pustynia na swiecie antarktyda
19%
Ryzyko grania w leauge of legends (choroba) depresja
16%
Pierwszy odkrywca ameryki Wikingowie
15%
zwyciezca worldsow 2021 w lige edward gaming
6%
Nie znaleziono quizów pasujących do podanych kryteriów
Rozkład punktacji
Procent ludzi z każdym wynikiem
Percentyl według liczby udzielonych odpowiedzi
Twoja historia wyników
Nie rozwiązałeś tego quizu